Famous Faces - December Birthdays - Statistics

General Stats
  • This quiz has been taken 414 times
  • The average score is 12 of 31
Answer Stats
Picture Hint Answer % Correct
December 16, 1770 Ludwig van Beethoven
83%
December 2, 1981 Britney Spears
82%
December 17, 1936 Pope Francis
78%
December 18, 1878 Joseph Stalin
75%
December 3, 1948 Ozzy Osbourne
75%
December 26, 1893 Mao Zedong
72%
December 5, 1901 Walt Disney
72%
December 12, 1915 Frank Sinatra
61%
December 9, 1934 Judi Dench
61%
December 28, 1954 Denzel Washington
59%
December 21, 1977 Emmanuel Macron
59%
December 13, 1967 Jamie Foxx
58%
December 8, 1982 Nicki Minaj
58%
December 15, 37 AD Nero
40%
December 11, 1943 John Kerry
35%
December 19, 1906 Leonid Brezhnev
33%
December 4, 18892 Francisco Franco
22%
December 29, 1808 Andrew Johnson
20%
December 27, 1822 Louis Pasteur
19%
December 25, 1918 Anwar Sadat
18%
December 24, 1905 Howard Hughes
15%
December 10, 1830 Emily Dickinson
13%
December 31, 1995 Gabby Douglas
13%
December 30, 1884 Hideki Tojo
13%
December 14, 1947 Dilma Rousseff
12%
December 7, 1928 Noam Chomsky
9%
December 23, 1777 Alexander I of Russia
8%
December 1, 1957 Deep Roy
5%
December 22, 245 AD Diocletian
2%
December 6, 1898 Gunnar Myrdal
1%
December 20, 1894 Robert Menzies
1%
No matching quizzes found
Score Distribution
Percent of People with Each Score
Percentile by Number Answered
Your Score History
You have not taken this quiz